100 Biggest Cities in Africa - Statistics

General Stats
  • This quiz has been taken 170 times
  • The average score is 56 of 100
Answer Stats
Rank Population Answer % Correct
3 12,230,350 Cairo
99%
4 5,635,127 Johannesburg
99%
8 5,005,524 Addis Ababa
98%
2 15,387,639 Lagos
97%
21 2,853,959 Algiers
96%
9 4,800,954 Cape Town
96%
17 3,359,818 Casablanca
96%
1 15,628,085 Kinshasa
96%
28 2,571,861 Luanda
96%
11 4,397,073 Nairobi
96%
6 5,483,605 Alexandria
95%
7 5,383,728 Dar es Salaam
94%
15 3,639,598 Khartoum
94%
34 1,931,930 Rabat
94%
39 1,693,400 Abuja
93%
18 3,326,001 Dakar
93%
61 1,175,830 Tripoli
92%
29 2,497,463 Mogadishu
91%
30 2,439,404 Tunis
90%
25 2,660,072 Accra
89%
38 1,696,392 Brazzaville
88%
16 3,442,361 Durban
88%
50 1,299,369 Yaoundé
87%
22 2,816,943 Bamako
86%
13 3,651,919 Kampala
85%
24 2,731,696 Lusaka
85%
54 1,272,145 Freetown
84%
42 1,557,740 Harare
84%
5 5,515,790 Abidjan
83%
53 1,275,207 Antananarivo
83%
35 1,925,517 Lomé
83%
20 2,921,488 Pretoria
83%
55 1,267,317 Fez
82%
12 4,103,015 Kano
82%
67 1,138,960 Maputo
82%
74 1,033,050 Marrakesh
82%
40 1,622,582 Monrovia
82%
58 1,208,296 Kigali
79%
46 1,388,979 Mombasa
79%
47 1,383,909 Niamey
78%
85 933,176 Bangui
76%
44 1,541,666 N'Djamena
76%
73 1,034,872 Asmara
74%
33 2,048,525 Conakry
74%
14 3,649,023 Ibadan
74%
92 856,854 Libreville
74%
62 1,170,870 Lilongwe
74%
45 1,431,539 Nouakchott
74%
31 2,415,266 Ouagadougou
74%
52 1,280,550 Port Elizabeth
74%
81 947,952 Tangier
69%
36 1,841,084 Benin City
65%
87 922,302 Oran
64%
49 1,338,082 Douala
63%
66 1,139,265 Bujumbura
62%
65 1,148,665 Port Harcourt
60%
10 4,498,518 Giza
59%
93 847,790 Benghazi
54%
26 2,584,133 Lubumbashi
54%
32 2,069,350 Kumasi
52%
79 960,438 Agadir
47%
100 766,392 Zanzibar
43%
23 2,765,002 Mbuji-Mayi
41%
48 1,366,342 Kisangani
34%
78 994,911 Blantyre
32%
51 1,294,612 Pointe-Noire
32%
64 1,150,116 Aba
31%
63 1,158,048 Kaduna
30%
98 776,832 Benguela
29%
41 1,592,924 Kananga
29%
69 1,079,377 Hargeisa
26%
43 1,552,630 Onitsha
26%
27 2,577,780 Omdurman
25%
84 942,167 Jos
24%
77 1,000,477 Ilorin
23%
94 822,337 Maiduguri
23%
57 1,245,444 Mwanza
23%
90 861,878 Cabinda
22%
95 819,791 Enugu
21%
83 942,683 Warri
19%
89 914,456 Lubango
17%
70 1,074,309 Bobo Dioulasso
13%
59 1,190,367 Bukavu
13%
86 927,472 Nampula
13%
56 1,264,636 Uyo
13%
76 1,012,312 Nyala
10%
37 1,796,872 Matola
9%
82 945,046 Owerri
7%
71 1,072,951 Shubra el-Kheima
4%
80 953,472 Misratah
3%
99 767,645 Bunia
2%
19 3,178,470 Ekurhuleni (East Rand)
2%
60 1,188,736 Abomey-Calavi
1%
72 1,041,166 Ikorodu
1%
96 790,742 Lokoja
1%
68 1,113,546 Nnewi
1%
75 1,023,575 Tshikapa
1%
91 860,555 Umuahia
1%
97 786,127 Vereeniging
1%
88 921,524 West Rand
1%
No matching quizzes found
Score Distribution
Percent of People with Each Score
Percentile by Number Answered
Your Score History
You have not taken this quiz